| 000 | 01049 a2200181 4500 | ||
|---|---|---|---|
| 003 | Nust | ||
| 005 | 20230301131140.0 | ||
| 040 | _cNust | ||
| 082 | _a327,THO | ||
| 100 |
_aRobert Thompson _9109681 |
||
| 245 |
_aDefeating communist insurgency _bexperiences from malaya and vietnam / _cRobert Thompson |
||
| 260 |
_aChatto & Windus _bLondon _c1974 |
||
| 300 |
_a171 p; _billus _c18 cm |
||
| 505 | _aThe Settings (Page-13), Communists Subversion (Page-21), Communist Insurgency (Page-28), Basic Principles of Counter Insurgency (Page-50), The Government Causes (Page-63),The Administrative Structure (Page-70), Intelligence (Page-84), Information Services (Page-90), Balances of Forces (Page-103), Basic Operational Concepts (Page-111), Strategic Helmets (Page-121), The Isolation of the Guerilla (Page-141), Jungle and Frontiers (Page-150), The Advisory Role (Page-156), Feet on the Ground (Page-166). | ||
| 600 |
_aRobert Thompson _9109681 |
||
| 650 |
_aDefeating communist insurgency experiences from malaya and vietnam _9109682 |
||
| 942 |
_2ddc _cBK |
||
| 999 |
_c184279 _d184279 |
||